000 00294nam a2200121Ia 4500
008 241002s9999 xx 000 0 und d
082 _a808.84 MAX
100 _aMax, Patrick J.
245 0 _aSelected Essays of Francis Bacon
260 _aNew York:
_c1948
600 _aLiterature
942 _cUC
999 _c18429
_d18429